Top 25 popularité personnages Bleach - Statistiques

Statistiques générales
  • Ce quiz a été pris 1 540 fois
  • Le résultat moyen est 16 sur 25
Statistiques - réponses
Place Personnages % Correct
2 Ichigo Kurosaki
100%
5 Sosuke Aizen
94%
1 Rukia Kuchiki
91%
6 Orihime Inoue
86%
4 Kenpachi Zaraki
84%
11 Yasutora "Chad" Sado
82%
9 Byakuya Kuchiki
80%
3 Kisuke Urahara
80%
15 Uryu Ishida
79%
14 Renji Abarai
76%
8 Toshiro Hitsugaya
74%
16 Gin Ichimaru
72%
7 Grimmjow Jaegerjaquez
67%
13 Ulquiorra Schiffer
67%
10 Yoruichi Shihōin
65%
12 Kyoraku Shunsui
57%
20 Retsu Unohana
52%
21 Soi Fon
51%
18 Mayuri Kurotsuchi
48%
19 Kon
41%
22 Yhwach
34%
25 Isshin Kurosaki
31%
24 Jugram Haschwalth
23%
23 Bazz-B
18%
17 Zangetsu
18%
Aucun quiz correspondant
Distribution des résultats
% des personnes avec chaque résultat
Percentile par nombre de réponses
Votre historique - résultats
Vous n’avez pas pris ce quiz